SUPER RANDOM CHARACTER QUIZ! Stats

 Plays Quiz not verified by Sporcle

Score 0/66 Timer 18:00
0 Plays Today
Hint character % Correct
He shot firstHan Solo
75%
'I ate his liver with some fava beans, and a nice cianti'Hannibal Lecter
75%
'I have a feeling we're not in Kansas anymore'Dorothy Gale
75%
His nose growsPinocchio
75%
Man of steelSuperman
75%
Caped crusader Batman
75%
'Yo, Adrian!'Rocky Balboa
66.7%
'Shaken, not stirred'James Bond
66.7%
His nose glowsRudolph
66.7%
Adventurer, hates snakesIndiana Jones
66.7%
'Eat my shorts!'Bart Simpson
66.7%
Main character in Home AloneKevin
66.7%
'I say it's duck season, and I say, FIRE!'Daffy duck
66.7%
Blue blurSonic the hedgehog
58.3%
'Listen to them, children of the night, what music they make'Count Dracula
58.3%
'Bite my shiny metal a$$'Bender
58.3%
'Its-a me!'Mario
58.3%
'D'oh!'Homer Simpson
58.3%
The pumpkin kingJack Skellington
58.3%
'Rosebud'Kane
58.3%
Let him win at space chessChewbacca
50%
Don't call him ZeldaLink
50%
Got pigs blood poured on herCarrie White
50%
King of the monsters!Godzilla
50%
Spongebobs bossMr. Krabs
50%
'This isn't flying, this is falling with style!'Buzz Lightyear
50%
'Tear this ship apart until you find the plans and bring me the passengers, I want them ALIVE!'Darth Vader
50%
'KHAAAAAAN!'Spock
50%
Super fighting robot...Megaman
41.7%
'Good news, everyone!'Professor Farnsworth
41.7%
Waka waka waka wakaPac man
41.7%
'HEY! LISTEN!'Navi
41.7%
'It was a test to see how well subjects could handle being launched into space'GLaDOS
41.7%
Hint character % Correct
Had a bad fur dayConker
41.7%
Aint he a stinker?Bugs bunny
41.7%
'Do a barrel roll!'Peppy hare
41.7%
A cute, pink puff that eats thingsKirby
41.7%
'Victory is mine!'Stewie Griffin
41.7%
'Why are things so heavy in the future?'Doc Brown
41.7%
'That's chaos theory'Dr. Ian Malcolm
41.7%
Green dinosaurYoshi
33.3%
'Please stop sinning while I'm singing!'Robot Devil
33.3%
'Get a load of THIS!'Dr. Robotnik
33.3%
'It's a trap!'Admiral Ackbar
33.3%
Flying foxTails the fox
33.3%
He's to big for Smash BrosRidley
33.3%
'I wasn't wearing it, I was eating it!'Dr. Zoidberg
33.3%
He's here to kick a$$ and chew bubblegumDuke Nukem
33.3%
Be afraid, be VERY afraidThe Fly
33.3%
'It's going to go 100% failure in 72 hours'HAL 9000
33.3%
Animatronic that resides in pirates coveFoxy
25%
Guardian of the master emeraldKnuckles the echidna
25%
The ultimate life formShadow the hedgehog
25%
Was attacked by a crop dusting planeRoger Thornhill
25%
Evil, bouncing happy faceEvil Otto
25%
'WAA!'Waluigi
25%
Friend of all children and guardian of the universeGamera
25%
King of terrorGhidrah
25%
He rode a bombMajor Kong
25%
'Find the computer room!'Vector the crocodile
25%
Security guard at Freddy Fazbears pizzaMike Schmidt
25%
Has a bib that says 'Let's eat!'Chica
25%
'All living things kneel before your master!'Metal Sonic
25%
'What's wrong, Lori? Miss your wake up call?'Freddy Krueger
25%
Psychic hedgehogSilver
25%
'Put dispenser here!'The Heavy
25%

You're not logged in!

Compare scores with friends on all Sporcle quizzes.
OR
Log In

Sporcle TV

Today on Sporcle TV


Watch our educational content, quiz creation guides, and fun videos on Sporcle TV.

Show Comments

Extras

Created Dec 13, 2014ReportNominate
Tags:character, Expect

Top Quizzes Today


Score Distribution

Your Account Isn't Verified!

In order to create a playlist on Sporcle, you need to verify the email address you used during registration. Go to your Sporcle Settings to finish the process.

Report this User

Report this user for behavior that violates our Community Guidelines.

Details: